DIFFERENTIAL DIAGNOSIS OF ORAL & MAXILLOFACIAL LESIONS (Record no. 4688)

MARC details
000 -LEADER
fixed length control field 00378nam a2200145Ia 4500
008 - FIXED-LENGTH DATA ELEMENTS--GENERAL INFORMATION
fixed length control field 150201s2007 xx 000 0 und d
082 ## - DEWEY DECIMAL CLASSIFICATION NUMBER
Classification number 617.525
Item number D2007W
100 ## - MAIN ENTRY--PERSONAL NAME
Personal name WOOD,NORMAN K.
245 ## - TITLE STATEMENT
Title DIFFERENTIAL DIAGNOSIS OF ORAL & MAXILLOFACIAL LESIONS
250 ## - EDITION STATEMENT
Edition statement 5TH
260 ## - PUBLICATION, DISTRIBUTION, ETC. (IMPRINT)
Name of publisher, distributor, etc. MOSBY
Place of publication, distribution, etc. NEW DELHI
Date of publication, distribution, etc. 2007
300 ## - PHYSICAL DESCRIPTION
Extent 1-656
650 ## - SUBJECT ADDED ENTRY--TOPICAL TERM
Topical term or geographic name as entry element ORAL SURGERY
942 ## - ADDED ENTRY ELEMENTS (KOHA)
Source of classification or shelving scheme Dewey Decimal Classification
Koha item type Books
Koha issues (borrowed), all copies 27
Holdings
Withdrawn status Lost status Source of classification or shelving scheme Damaged status Not for loan Home library Current library Date acquired Source of acquisition Cost, normal purchase price Serial Enumeration / chronology SGTU Bill Number Total Checkouts Full call number Barcode Date last seen Date last checked out Bill Date Koha item type Total Renewals
    Dewey Decimal Classification     SGT Dental Library SGT Dental Library 11/11/2011 U.B.S.DELHI 1160.00 1 SGTU 514 13 617.525 D2007W FD6563 02/06/2025 02/06/2025 08/06/2013 Books  
    Dewey Decimal Classification     SGT Dental Library SGT Dental Library 11/11/2011 U.B.S.DELHI 1160.00 1 SGTU 514 14 617.525 D2007W FD6564 03/06/2025 03/06/2025 08/06/2013 Books  
    Dewey Decimal Classification     SGT Dental Library SGT Dental Library 11/11/2011 U.B.S.DELHI 1160.00 1 SGTU 514 17 617.525 D2007W FD6565 13/10/2025 01/10/2025 08/06/2013 Books 1
    Dewey Decimal Classification     SGT Dental Library SGT Dental Library 11/11/2011 U.B.S.DELHI 1160.00 1 SGTU 514   617.525 D2007W FD6566 09/02/2015   08/06/2013 Books